Albert Einstein : The man and his theories

Books about life, works of relativity of Albert Einstein,

שמור ב:
מידע ביבליוגרפי
מחבר ראשי: Cuny, Hilaire
מחברים אחרים: Mervyn Savill (Translated)
פורמט: ספר
שפה:Vietnamese
יצא לאור: London Souvenir Press 1961
סדרה:Profiles in science
נושאים:
תגים: הוספת תג
אין תגיות, היה/י הראשונ/ה לתייג את הרשומה!
Thư viện lưu trữ: Thư viện Trường Đại học Nam Cần Thơ
LEADER 00806nam a22002057a 4500
001 NCT_151885
008 230609b xxu||||| |||| 00| 0 vie d
999 |c 7857  |d 7857 
082 |2 23rd ed.  |a 530  |b C972 
100 1 |a Cuny, Hilaire 
245 1 0 |a Albert Einstein   |b : The man and his theories  |c Hilaire Cuny; Mervyn Savill ( Translated)  
260 |a London  |b  Souvenir Press  |c 1961 
300 |a 167 p.   |b ảnh   |c 22cm  
490 |a Profiles in science 
520 3 |a Books about life, works of relativity of Albert Einstein, 
653 |a Tham khảo 
700 1 |a Mervyn Savill   |e Translated 
942 |2 ddc  |c BK 
952 |0 0  |1 0  |2 ddc  |4 0  |6 530_000000000000000_C972  |7 0  |9 27852  |a 000001  |b 000001  |d 2023-06-09  |o 530 C972  |p TK.03430  |r 2023-06-09  |w 2023-06-09  |y BK 
980 |a Thư viện Trường Đại học Nam Cần Thơ